Statistiques concernant Les monstres de la mythologie grecque

Cliquez ici pour prendre le quiz!

Statistiques générales

  • Ce quiz a été pris 3 228 fois
  • Le résultat moyen est 9 sur 14

Statistiques - réponses

IndiceRéponse% Correct
chien à trois têtes gardien des enfersCerbere
95%
géant doté d'un seul oeil au milieu du frontCyclope
95%
homme chevalCentaure
94%
être mi-femme, mi-oiseau dont le chant attirait les marinsSirene
93%
cheval ailéPegase
92%
tête de taureau et corps d'hommeMinotaure
91%
Oedipe a résolu l'énigmeSphinx
82%
mi chèvre mi lion et queue de serpentChimere
71%
Méduse,Sthéno,Euryale - pouvoir pétrifiantGorgone
70%
corps ailé d'oiseau et une tête de femmeHarpie
55%
corps de lion ailée avec une longue queue et la tête d’un aigleGriffon
52%
créature possédant une sensualité excessive et grossièreSatyre
28%
créature mi-femme, mi-serpentÉchidna
11%
homme fauveTyphon
6%

Distribution des résultats

Percentile par nombre de réponses

% des personnes avec chaque résultat

Votre développement - résultats

Vous n’avez pas pris ce quiz